La pâtisserie - B - Statistiques

Statistiques générales
  • Ce quiz a été pris 76 fois
    11 depuis la dernière actualisation
  • Le résultat moyen est 8 sur 12
Statistiques - réponses
Par images Réponse % Correct
Brioche
100%
Brownie
100%
{Baba} {au} {rhum}
89%
Balance
89%
Boudoirs
78%
Barquettes
67%
Berlingots
67%
{Biscuit} Joconde
56%
Bouler
44%
Badigeonner
22%
Baklava
22%
{Broyé} du Poitou
22%
Aucun quiz correspondant
Distribution des résultats
% des personnes avec chaque résultat
Percentile par nombre de réponses
Votre historique - résultats
Vous n’avez pas pris ce quiz depuis la dernière actualisation